FIFA 23 - Drużyna TOTY - Statystyki

Ogólne statystyki
  • Ten quiz został rozwiązany 1 232 razy
  • Średni wynik to 10 z 11
Statystyki odpowiedzi
Pozycja Klub Imię i nazwisko % Poprawnych
CB Liverpool Virgil Van Dijk
95%
RB PSG Achraf Hakimi
91%
CF Real Madryt Karim Benzema
91%
LB Milan Theo Hernandez
91%
ST Manchester City Erling Haaland
90%
CM Manchester City Kevin De Bruyne
90%
CM Real Madryt Luka Modric
89%
BR Real Madryt Thibaut Courtois
87%
RW PSG Lionel Messi
84%
CM Borussia Dortmund Jude Bellingham
83%
CB Real Madryt Eder Militao
82%
Nie znaleziono quizów pasujących do podanych kryteriów
Rozkład punktacji
Procent ludzi z każdym wynikiem
Percentyl według liczby udzielonych odpowiedzi
Twoja historia wyników
Nie rozwiązałeś tego quizu